Countries Gaining the Most Population by 2070 - Statistics

General Stats
  • This quiz has been taken 64,479 times
    22,003 since last reset
  • The average score is 14 of 20
Answer Stats
# % Country % Correct
233 m 16% India
96%
44.3 m 161% Niger
94%
197 m 84% Nigeria
92%
201 m 181% D. R. Congo
85%
196 m 78% Pakistan
84%
68.0 m 58% Egypt
82%
50.0 m 14% United States
82%
159 m 118% Ethiopia
81%
51.5 m 29% Bangladesh
78%
59.4 m 117% Sudan
76%
40.6 m 71% Kenya
75%
114 m 164% Tanzania
71%
56.3 m 111% Uganda
64%
67.9 m 176% Angola
63%
41.1 m 88% Iraq
59%
49.0 m 139% Mozambique
59%
38.5 m 131% Cameroon
55%
59.5 m 138% Afghanistan
54%
43.3 m 134% Ivory Coast
41%
50.2 m 122% Yemen
34%
No matching quizzes found
Score Distribution
Percent of People with Each Score
Percentile by Number Answered
Your Score History
You have not taken this quiz since the last reset